1032 1245 1564 1905 1106 1942 1995 1197 1865 1467 1827 1387 1745 1889 1207 1578 1301 1963 1432 1110 1776 1119 1275 1264 1276 1426 1184 1900 1498 1590 1034 1945 1992 1200 1773 1962 1362 1320 1398 1777 1314 1777 1015 1428 1463 1218 1186 1833 1069 1602 1343 1391 1645 1342 1295 1717 1321 1108 1169 1851 1555 1130 1232 1921 1996 1144 1086 1044 1247 1774 1506 1152 1984 1164 1797 1785 1085 1093 1878 1620 1537 1213 1300 1354 1644 1090 1619 1977 1502 1755 1157 1651 1454 1560 1759 1206 1944 1919 1676 BCNSPRNW ULIB Ver.6.0+V

เปลี่ยนเป็นภาษาไทย

Change to English
 แสดงรายละเอียดบรรณานุกรม
  กลับหน้าหลัก

Brief Record : Get Marc (ISO 2709) : E-mail record : QR code < ปิดหน้าต่าง
LEADER : 00000nam 2200000uu 4500
001    13399126461
003     ULIB
008    180918s2556||||th 000 0 tha d
020    ^a9789749993712
020    ^a9749993713
050 04 ^aBF713^bพ262ท
100 0  ^aพรรณทิพย์ ศิริวรรณบุศย์
245 10 ^aทฤษฎีจิตวิทยาพัฒนาการ /^cพรรณทิพย์ ศิริวรรณบุศย์
250    ^aพิมพ์ครั้งที่ 6 ฉบับปรับปรุง
260    ^aกรุงเทพฯ :^bสำนักพิมพ์แห่งจุฬาลงกรณ์มหาวิทยาลัย,^c2556.
300    ^a199 หน้า :^bภาพประกอบ ;^c26 ซม.
650  7 ^aพฤติกรรมมุษย์
650  7 ^aจิตวิทยาพัฒนาการ
945    ^p150^l0^i26670
999    ^aกัณชพร จุลอักษร
รายการนี้ยังไม่มีแท็ก
คุณยังไม่ได้ล็อกอิน คุณสามารถมีกิจกรรมร่วมกับเว็บไซต์ได้ แต่ต้องล็อกอินก่อน ::
  ล็อกอิน

รายการสื่อสารสนเทศ

ลำดับที่ ประเภท เลขเรียก/บาร์โค้ด สถานที่ สถานะ
1. วิทยาศาสตร์การแพทย์ และสุขภาพ
วิทยาศาสตร์การแพทย์ และสุขภาพ
BF713 พ262ท ฉ.1 
  Barcode: 26670
ห้องสมุดวิทยาเขตนครสวรรค์
►หนังสือทั่วไป:l:General Books
บนชั้น

รายการใกล้เคียง
    ผู้แต่ง [พรรณทิพย์ ศิริวรรณบุศย์]

    หัวเรื่อง [พฤติกรรมมุษย์]
    หัวเรื่อง [จิตวิทยาพัฒนาการ]

BibComment


ยังไม่เคยถูกคอมเมนท์

คอมเมนท์ทรัพยากรรายการนี้
  คอมเมนท์: ทฤษฎีจิตวิทยาพัฒ..


 Copyright 2026. Bcnsprnw @Library